'P' Movies by Picture Quiz Stats

Quiz Updated Oct 16, 2012

Challenge
Share
Tweet
Score 0/25 Timer 06:00
11 Plays Today
Grid Location Movie % Correct
Pirates of the Caribbean...
91.9%
Psycho
89.6%
Pulp Fiction
81.9%
The Patriot
81.1%
The Pianist
70.8%
Platoon
67.8%
Patch Adams
65.6%
Paranormal Activity
61%
Patton
56.5%
Paul
55.4%
Purple Rain
55.3%
The Princess Bride
53.2%
Public Enemies
47.2%
Grid Location Movie % Correct
The Perfect Storm
46.7%
Pan's Labyrinth
45.8%
Predator
45.1%
Point Break
41.9%
The Pride of the Yankees
30.6%
The Prestige
27.8%
Panic Room
26.2%
Punch Drunk Love
21.6%
Primal Fear
19.1%
The Poseidon Adventure
15.9%
The People vs. Larry Flynt
14.5%
PCU
13.2%

You're not logged in!

Compare scores with friends on all Sporcle quizzes.
Sign Up with Email
OR
Log In

You Might Also Like...

Show Comments

Extras

Top Quizzes Today


Score Distribution

Your Account Isn't Verified!

In order to create a playlist on Sporcle, you need to verify the email address you used during registration. Go to your Sporcle Settings to finish the process.